[Event "Trofeo CBA"]
[Site "Milano ITA"]
[Date "2004.05.15"]
[Round "2"]
[White "Castaldo, Folco"]
[Black "Bertazzo, Giorgio"]
[Result "1/2-1/2"]
[WhiteElo "2329"]
[BlackElo "2141"]
[PlyCount "131"]
[EventDate "2004.05.14"]

1. c4 Nf6 2. g3 e5 3. Bg2 d5 4. cxd5 Nxd5 5. Nf3 Nc6 6. O-O Be7 7. d4 exd4 8.
Nxd4 Nxd4 9. Qxd4 Nf6 10. Qxd8+ Bxd8 11. Bf4 O-O 12. Nc3 c6 13. b4 Bd7 14. a4
Be7 15. Rab1 Rac8 16. b5 b6 17. Rfd1 Rfd8 18. bxc6 Bxc6 19. Bh3 Rxd1+ 20. Rxd1
Rd8 21. Rc1 Bc5 22. Bg2 Bxg2 23. Kxg2 Re8 24. e3 h6 25. h4 Rd8 26. Rc2 Nd5 27.
Nxd5 Rxd5 28. g4 g5 29. Bg3 f6 30. h5 Kf7 31. Kf3 Ke6 32. Ke4 Rd1 33. Rc4 Rb1
34. a5 Rb4 35. Rxb4 Bxb4 36. axb6 axb6 37. f4 Bc5 38. Be1 Be7 39. Bc3 Bd6 40.
f5+ Ke7 41. Kd5 Ba3 42. Kc6 Kf7 43. Kxb6 Bc1 44. e4 Ba3 45. Kc6 Bc1 46. Kd7 Ba3
47. Bd4 Bb4 48. Bb2 Bc5 49. e5 fxe5 50. Bxe5 Bb4 51. Bb2 Bc5 52. Bc3 Ba3 53.
Bh8 Kg8 54. Be5 Kf7 55. Bd6 Bb2 56. Kc6 Bc3 57. Kd5 Bb2 58. Be5 Ba3 59. Bc3 Bf8
60. Bh8 Kg8 61. Bd4 Kf7 62. f6 Ba3 63. Ke5 Bb4 64. Kf5 Ba3 65. Bc3 Bc5 66. Bd2
1/2-1/2

[Event "Trofeo CBA"]
[Site "Milano ITA"]
[Date "2004.05.15"]
[Round "2"]
[White "Mariano, Elia"]
[Black "Valenti, Giuseppe"]
[Result "0-1"]
[WhiteElo "2198"]
[BlackElo "2292"]
[PlyCount "126"]
[EventDate "2004.05.14"]

1. d4 Nf6 2. c4 e6 3. Nc3 c5 4. Nf3 cxd4 5. Nxd4 a6 6. g3 Qc7 7. b3 b5 8. Bg2
Bb7 9. Bxb7 Qxb7 10. O-O bxc4 11. bxc4 Qc7 12. Qb3 Bc5 13. Rd1 O-O 14. Na4 Ba7
15. Ba3 d6 16. Qf3 Nbd7 17. Qc6 Qa5 18. Bxd6 Rfc8 19. Nb3 Qf5 20. Qf3 Qxf3 21.
exf3 Rxc4 22. Nb2 Rc2 23. Nd3 h6 24. Rdc1 Rac8 25. Rxc2 Rxc2 26. a4 Rc3 27.
Nbc1 Nd5 28. Nb4 a5 29. Nxd5 exd5 30. Ne2 Rxf3 31. Rf1 Nf6 32. Kg2 Rb3 33. Bc7
Bb6 34. Rc1 Bxc7 35. Rxc7 Rb4 36. Rc5 Rxa4 37. Nc3 Rc4 38. Rxc4 dxc4 39. Kf3
Kf8 40. h3 Ke7 41. Ke3 Kd6 42. Kd4 Nd7 43. Kxc4 Kc6 44. Kd4 Nb6 45. f4 a4 46.
g4 a3 47. h4 Na4 48. Na2 Kd6 49. h5 Nc5 50. Nc3 Ne6+ 51. Ke4 Ke7 52. Ke5 f6+
53. Ke4 Nc5+ 54. Kf5 Nd3 55. Na2 Kf7 56. Ke4 Nc5+ 57. Kd5 Ne6 58. Ke4 Nf8 59.
Nc3 g6 60. hxg6+ Kxg6 61. Na2 Nd7 62. Nc3 Nc5+ 63. Kd5 Nd3 0-1

[Event "Trofeo CBA"]
[Site "Milano ITA"]
[Date "2004.05.15"]
[Round "2"]
[White "Rombaldoni, Denis"]
[Black "Qendro, Llambi"]
[Result "1-0"]
[WhiteElo "2158"]
[BlackElo "2366"]
[PlyCount "61"]
[EventDate "2004.05.14"]

1. d4 g6 2. c4 Bg7 3. Nc3 d6 4. Nf3 Bg4 5. Bg5 c6 6. h3 Bxf3 7. gxf3 Qb6 8. Qc2
Qxd4 9. e4 Bh6 10. Rd1 Qc5 11. Bxh6 Nxh6 12. Qd2 Ng8 13. f4 Na6 14. a3 Qb6 15.
h4 Qc7 16. b4 Nf6 17. Be2 Rd8 18. Qe3 Qb6 19. Qg3 Qc7 20. h5 e5 21. hxg6 fxg6
22. fxe5 dxe5 23. Rxd8+ Kxd8 24. Qg5 Qe7 25. Qe3 c5 26. O-O Kc8 27. Nd5 Nxd5
28. cxd5 cxb4 29. d6 Qxd6 30. Qxa7 Nc7 31. Bg4+ 1-0

[Event "Trofeo CBA"]
[Site "Milano ITA"]
[Date "2004.05.15"]
[Round "2"]
[White "Van Hoolandt, Patrick"]
[Black "Lanzani, Mario"]
[Result "0-1"]
[WhiteElo "2237"]
[BlackElo "2360"]
[PlyCount "74"]
[EventDate "2004.05.14"]

1. c4 e6 2. Nf3 d5 3. g3 Nf6 4. Bg2 Be7 5. b3 a5 6. Nc3 d4 7. Nb5 Nc6 8. O-O e5
9. e3 O-O 10. exd4 Nxd4 11. Bb2 Nxf3+ 12. Bxf3 c6 13. Nc3 Bc5 14. Na4 Bd4 15.
Qc2 Bxb2 16. Qxb2 e4 17. Bg2 Bf5 18. Qe5 Bg6 19. Qf4 Qd4 20. h3 Rfd8 21. Rfd1
b5 22. cxb5 Nd5 23. Qg4 cxb5 24. Nc3 Nf6 25. Qg5 b4 26. Ne2 Qb2 27. g4 h6 28.
Qf4 a4 29. bxa4 Rxa4 30. f3 b3 31. Nc3 Rad4 32. Rab1 Qxc3 33. dxc3 Rxd1+ 34.
Rxd1 Rxd1+ 35. Kh2 bxa2 36. Qb8+ Kh7 37. f4 a1=Q 0-1

[Event "Trofeo CBA"]
[Site "Milano ITA"]
[Date "2004.05.16"]
[Round "3"]
[White "Bertazzo, Giorgio"]
[Black "Van Hoolandt, Patrick"]
[Result "1/2-1/2"]
[WhiteElo "2141"]
[BlackElo "2237"]
[PlyCount "205"]
[EventDate "2004.05.14"]

1. e4 e5 2. Nf3 Nc6 3. Nc3 Nf6 4. Bb5 Nd4 5. Nxd4 exd4 6. e5 dxc3 7. exf6 Qxf6
8. dxc3 Bc5 9. Qe2+ Qe6 10. Bc4 Qxe2+ 11. Bxe2 d5 12. Bd3 Be6 13. O-O O-O-O 14.
Re1 h6 15. Bf4 d4 16. Be5 dxc3 17. Bxc3 Bd4 18. Bxd4 Rxd4 19. Re4 Rhd8 20. Rxd4
Rxd4 21. b3 Kd7 22. Kf1 Kd6 23. Ke2 Kc5 24. c3 Rh4 25. h3 a5 26. Kd2 Bd5 27. f3
b5 28. Re1 b4 29. Re8 bxc3+ 30. Kxc3 Rb4 31. Rd8 Rb6 32. Rc8 Rb7 33. Rd8 Ra7
34. Rh8 Ra8 35. Rxa8 Bxa8 36. a3 Bd5 37. b4+ axb4+ 38. axb4+ Kd6 39. Kd4 f6 40.
Bg6 Bc6 41. Bd3 Bb7 42. Bc4 g5 43. Bd3 h5 44. b5 Bd5 45. Be2 h4 46. Bd3 Bb3 47.
Be4 Bd1 48. Bd3 Ba4 49. Be2 Bb3 50. Bd3 Bd5 51. Be2 Bb7 52. Bd3 Bc8 53. Bc4 Bd7
54. Be2 Ke6 55. Ke4 Bc8 56. Bc4+ Kd6 57. Kd4 Bb7 58. Be2 Ke6 59. Bd3 f5 60. Be2
Kd6 61. Bd3 Bc8 62. Be2 Be6 63. Bc4 Bd7 64. Be2 Ke6 65. Bc4+ Kf6 66. Be2 Ke6
67. Bc4+ Kd6 68. Be2 Be6 69. Bc4 Bd7 70. Be2 Bc8 71. Bd1 Bb7 72. Be2 Bd5 73.
Bd3 Be6 74. Bc4 Bd7 75. Be2 Bc8 76. Bd3 g4 77. fxg4 fxg4 78. hxg4 Bxg4 79. Ke3
Ke5 80. Be4 Be6 81. Kf3 Bb3 82. Bc6 Bd1+ 83. Ke3 Bg4 84. Be8 Bf5 85. Kf3 Be4+
86. Kg4 Kd4 87. Kxh4 Bxg2 88. Kg3 Bd5 89. Kf2 Kc5 90. Ke1 Bc4 91. Kd2 Bxb5 92.
Bg6 Kb4 93. Kc1 Kc3 94. Be4 c5 95. Bg6 Bc4 96. Bf5 Bd3 97. Be6 Be4 98. Bf7 Kd4
99. Be6 Bd5 100. Bg4 c4 101. Be2 c3 102. Bb5 Bc4 103. Bd7 1/2-1/2

[Event "Trofeo CBA"]
[Site "Milano ITA"]
[Date "2004.05.16"]
[Round "3"]
[White "Dragojlovic, Andjelko"]
[Black "Mariano, Elia"]
[Result "1/2-1/2"]
[WhiteElo "2340"]
[BlackElo "2198"]
[PlyCount "23"]
[EventDate "2004.05.14"]

1. e4 d5 2. exd5 Qxd5 3. Nc3 Qa5 4. d4 Nf6 5. Nf3 Bg4 6. h3 Bh5 7. g4 Bg6 8.
Ne5 e6 9. h4 Be4 10. Rh3 c6 11. Bd2 Bb4 12. a3 1/2-1/2

[Event "Trofeo CBA"]
[Site "Milano ITA"]
[Date "2004.05.16"]
[Round "3"]
[White "Qendro, Llambi"]
[Black "Drazic, Sinisa"]
[Result "1/2-1/2"]
[WhiteElo "2366"]
[BlackElo "2476"]
[PlyCount "21"]
[EventDate "2004.05.14"]

1. d4 Nf6 2. c4 g6 3. Nc3 Bg7 4. e4 d6 5. Nf3 O-O 6. g3 Nbd7 7. Bg2 c6 8. O-O
e5 9. h3 Re8 10. Be3 Qc7 11. Qc2 1/2-1/2

[Event "Trofeo CBA"]
[Site "Milano ITA"]
[Date "2004.05.16"]
[Round "3"]
[White "Ricci, Marco"]
[Black "Castaldo, Folco"]
[Result "1/2-1/2"]
[WhiteElo "2169"]
[BlackElo "2329"]
[PlyCount "53"]
[EventDate "2004.05.14"]

1. e4 c5 2. Nf3 Nc6 3. d4 cxd4 4. Nxd4 Nf6 5. Nc3 e5 6. Ndb5 d6 7. Bg5 a6 8.
Na3 b5 9. Bxf6 gxf6 10. Nd5 Bg7 11. Bd3 Ne7 12. Nxe7 Qxe7 13. O-O O-O 14. c4 f5
15. cxb5 d5 16. exd5 e4 17. Qe2 Qf6 18. Bc4 Qxb2 19. Nc2 axb5 20. Rab1 Qc3 21.
Rxb5 Ba6 22. Rc5 Bd4 23. Nxd4 Qxd4 24. Qe3 Qe5 25. Bxa6 Rxa6 26. Qg3+ Qxg3 27.
hxg3 1/2-1/2

[Event "Trofeo CBA"]
[Site "Milano ITA"]
[Date "2004.05.17"]
[Round "4"]
[White "Astengo, Corrado"]
[Black "Dragojlovic, Andjelko"]
[Result "1-0"]
[WhiteElo "2129"]
[BlackElo "2340"]
[PlyCount "55"]
[EventDate "2004.05.14"]

1. e4 c5 2. Nf3 g6 3. d4 cxd4 4. Nxd4 Bg7 5. Nc3 Nc6 6. Be3 Nf6 7. Bc4 O-O 8.
Bb3 d6 9. h3 Na5 10. O-O b6 11. Qd3 Bb7 12. f4 Rc8 13. Nf3 Rxc3 14. bxc3 Bxe4
15. Qe2 Nh5 16. Qe1 Bb7 17. f5 gxf5 18. Qh4 Nf6 19. Nd4 e6 20. Bg5 Be4 21. Rae1
h6 22. Bxh6 Nh7 23. Rxe4 Nxb3 24. axb3 Bxh6 25. Qxh6 fxe4 26. Rf4 f5 27. Qg6+
Kh8 28. Nxe6 1-0

[Event "Trofeo CBA"]
[Site "Milano ITA"]
[Date "2004.05.17"]
[Round "4"]
[White "Castaldo, Folco"]
[Black "Van Hoolandt, Patrick"]
[Result "1/2-1/2"]
[WhiteElo "2329"]
[BlackElo "2237"]
[PlyCount "56"]
[EventDate "2004.05.14"]

1. c4 Nf6 2. g3 c6 3. Bg2 d5 4. Nf3 Bg4 5. Ne5 Bh5 6. cxd5 cxd5 7. Qa4+ Nbd7 8.
Nc3 e6 9. g4 Bg6 10. h4 h5 11. Nxg6 fxg6 12. g5 Ng4 13. Qc2 Kf7 14. Nxd5 Rc8
15. Nc3 Qb6 16. e3 Bd6 17. d4 e5 18. Bd5+ Ke7 19. Qxg6 Kd8 20. Qxg7 Re8 21. Bf7
Rf8 22. Bd2 exd4 23. exd4 Nde5 24. dxe5 Qxf2+ 25. Kd1 Qf3+ 26. Kc2 Qe4+ 27. Kb3
Qb4+ 28. Kc2 Qe4+ 1/2-1/2

[Event "Trofeo CBA"]
[Site "Milano ITA"]
[Date "2004.05.17"]
[Round "4"]
[White "Drazic, Sinisa"]
[Black "Lanzani, Mario"]
[Result "1/2-1/2"]
[WhiteElo "2476"]
[BlackElo "2360"]
[PlyCount "27"]
[EventDate "2004.05.14"]

1. e4 c5 2. Nf3 d6 3. d4 cxd4 4. Nxd4 Nf6 5. Nc3 g6 6. Be3 Bg7 7. f3 Nc6 8. Qd2
O-O 9. O-O-O d5 10. exd5 Nxd5 11. Nxc6 bxc6 12. Nxd5 cxd5 13. Qxd5 Qc7 14. Qc5
1/2-1/2

[Event "Trofeo CBA"]
[Site "Milano ITA"]
[Date "2004.05.17"]
[Round "4"]
[White "Mariano, Elia"]
[Black "Qendro, Llambi"]
[Result "1/2-1/2"]
[WhiteElo "2198"]
[BlackElo "2366"]
[PlyCount "48"]
[EventDate "2004.05.14"]

1. d4 g6 2. c4 Bg7 3. Nc3 d6 4. g3 e5 5. dxe5 Bxe5 6. Nf3 Bg7 7. Bg2 Ne7 8. O-O
Nbc6 9. Nd5 O-O 10. Qb3 a5 11. Bd2 a4 12. Qa3 Be6 13. e4 Bg4 14. Bc3 Bxf3 15.
Bxg7 Kxg7 16. Qc3+ Ne5 17. Bxf3 Nxd5 18. cxd5 f5 19. exf5 gxf5 20. Be2 Kg8 21.
f4 Nd7 22. b4 axb3 23. axb3 Rxa1 24. Rxa1 Nc5 1/2-1/2

[Event "Trofeo CBA"]
[Site "Milano ITA"]
[Date "2004.05.17"]
[Round "4"]
[White "Ricci, Marco"]
[Black "Valenti, Giuseppe"]
[Result "1-0"]
[WhiteElo "2169"]
[BlackElo "2292"]
[PlyCount "63"]
[EventDate "2004.05.14"]

1. e4 c5 2. Nf3 e6 3. d4 cxd4 4. Nxd4 a6 5. Bd3 Qc7 6. O-O Nf6 7. Qe2 d6 8. c4
Be7 9. Nc3 O-O 10. f4 Nbd7 11. Kh1 b6 12. e5 dxe5 13. fxe5 Nxe5 14. Bf4 Nfd7
15. Be4 Rb8 16. Nc6 Bd6 17. Rad1 f6 18. Nxb8 Nxb8 19. Bb1 Nbc6 20. Ne4 Be7 21.
Qc2 f5 22. Ng5 Bxg5 23. Bxg5 Ng4 24. Bf4 e5 25. h3 Nf6 26. Bh2 f4 27. Qc3 Bb7
28. Rfe1 Re8 29. Be4 Nxe4 30. Rxe4 Nd4 31. Rdxd4 Rf8 32. Rd5 1-0

[Event "Trofeo CBA"]
[Site "Milano ITA"]
[Date "2004.05.17"]
[Round "4"]
[White "Rombaldoni, Denis"]
[Black "Bertazzo, Giorgio"]
[Result "1-0"]
[WhiteElo "2158"]
[BlackElo "2141"]
[PlyCount "55"]
[EventDate "2004.05.14"]

1. d4 Nf6 2. c4 c6 3. Nf3 d5 4. g3 dxc4 5. Bg2 Bf5 6. Nbd2 Qa5 7. Ne5 c3 8.
bxc3 Qxc3 9. Qa4 Bc2 10. Qc4 Qxc4 11. Ndxc4 e6 12. O-O Nfd7 13. Bf4 f6 14. Nxd7
Nxd7 15. Rfc1 Bg6 16. Bh3 Kf7 17. a4 b6 18. Ne3 Be4 19. f3 Bd5 20. Nxd5 cxd5
21. Rc7 Ke7 22. Rac1 h6 23. e4 dxe4 24. d5 f5 25. dxe6 Kxe6 26. R1c6+ Kd5 27.
fxe4+ fxe4 28. Be6+ 1-0

[Event "Trofeo CBA"]
[Site "Milano ITA"]
[Date "2004.05.18"]
[Round "5"]
[White "Bertazzo, Giorgio"]
[Black "Drazic, Sinisa"]
[Result "1/2-1/2"]
[WhiteElo "2141"]
[BlackElo "2476"]
[PlyCount "181"]
[EventDate "2004.05.14"]

1. e4 c5 2. Nf3 e6 3. d4 cxd4 4. Nxd4 a6 5. Bd3 Bc5 6. Nb3 Ba7 7. O-O Nc6 8.
Qe2 Nge7 9. Nc3 d6 10. Be3 e5 11. a4 Be6 12. Bxa7 Rxa7 13. Bc4 O-O 14. Rad1 Qc7
15. Bxe6 fxe6 16. Qc4 Rf6 17. a5 Ra8 18. Rd2 h6 19. Rfd1 Rd8 20. Rd3 Ng6 21.
Ne2 Qe7 22. Qc3 Qf8 23. f3 Nh8 24. Ng3 Qe7 25. Qd2 Nf7 26. Nf1 Rc8 27. Ne3 Nb8
28. Qb4 Qc7 29. Qd2 Rd8 30. Rc3 Nc6 31. Rd3 Ne7 32. Kh1 h5 33. c4 Ng6 34. c5
Nf4 35. cxd6 Qb8 36. Nc4 Nxd3 37. Qxd3 g5 38. d7 g4 39. Nb6 Kg7 40. Nc5 gxf3
41. gxf3 Rg6 42. Nc4 Qc7 43. b4 Kf6 44. Nd6 Qxd6 45. Qxd6 Nxd6 46. Rxd6 Ke7 47.
Rb6 Rdg8 48. h4 Rg1+ 49. Kh2 R8g2+ 50. Kh3 Rg3+ 51. Kh2 R1g2+ 52. Kh1 Rd2 53.
Rxe6+ Kf7 54. Rxe5 Rxf3 55. Kg1 Rg3+ 56. Kf1 Rf3+ 57. Kg1 Rg3+ 58. Kf1 Rh3 59.
Kg1 Rc3 60. Rf5+ Ke7 61. Rf1 Rcc2 62. Re1 Rg2+ 63. Kh1 Rh2+ 64. Kg1 Rcg2+ 65.
Kf1 Rf2+ 66. Kg1 Rhg2+ 67. Kh1 Rh2+ 68. Kg1 Rfg2+ 69. Kf1 Rb2 70. Kg1 Rhg2+ 71.
Kh1 Rgd2 72. e5 Rxb4 73. e6 Rxh4+ 74. Kg1 Rg4+ 75. Kh1 Rh4+ 76. Kg1 Rg4+ 77.
Kh1 Rgd4 78. Nxb7 h4 79. d8=Q+ Rxd8 80. Nxd8 Rxd8 81. Kh2 Rd3 82. Re5 Ra3 83.
Kg2 Rg3+ 84. Kh2 Rg6 85. Kh3 Rh6 86. Re4 Rxe6 87. Rxe6+ Kxe6 88. Kxh4 Kd5 89.
Kg3 Kc4 90. Kf2 Kb4 91. Ke2 1/2-1/2

[Event "Trofeo CBA"]
[Site "Milano ITA"]
[Date "2004.05.18"]
[Round "5"]
[White "Dragojlovic, Andjelko"]
[Black "Ricci, Marco"]
[Result "1-0"]
[WhiteElo "2340"]
[BlackElo "2169"]
[PlyCount "89"]
[EventDate "2004.05.14"]

1. Nf3 Nf6 2. g3 g6 3. Bg2 Bg7 4. O-O d6 5. d3 O-O 6. c4 e5 7. Nc3 Nh5 8. e4
Nc6 9. Rb1 f5 10. exf5 Bxf5 11. b4 Qd7 12. b5 Ne7 13. Bg5 Nf6 14. Bxf6 Bxf6 15.
Ne4 Bg7 16. Qb3 Bh3 17. c5+ d5 18. c6 bxc6 19. bxc6 Qc8 20. Nc3 Rd8 21. Rfe1
Bxg2 22. Kxg2 Rb8 23. Qxb8 Qxb8 24. Rxb8 Rxb8 25. Nxe5 d4 26. Nd7 Rb2 27. Nd1
Rb1 28. Rxe7 Rxd1 29. Nb8 Rxd3 30. Rxc7 Ra3 31. Rd7 Be5 32. c7 Bxc7 33. Rxc7
Rxa2 34. Rd7 h5 35. Nc6 d3 36. Rxd3 Kg7 37. Rd7+ Kh6 38. Rxa7 Rc2 39. Ne7 h4
40. Ra6 h3+ 41. Kxh3 Rxf2 42. Rxg6+ Kh7 43. Re6 Ra2 44. Nf5 Rb2 45. g4 1-0

[Event "Trofeo CBA"]
[Site "Milano ITA"]
[Date "2004.05.18"]
[Round "5"]
[White "Lanzani, Mario"]
[Black "Mariano, Elia"]
[Result "1/2-1/2"]
[WhiteElo "2360"]
[BlackElo "2198"]
[PlyCount "105"]
[EventDate "2004.05.14"]

1. Nf3 Nf6 2. g3 b6 3. Bg2 Bb7 4. O-O g6 5. d3 Bg7 6. e4 O-O 7. Nh4 e5 8. c4
Nc6 9. Nc3 Ne8 10. Bh3 Nd4 11. Ne2 Nxe2+ 12. Qxe2 c6 13. b3 Nc7 14. Ba3 Re8 15.
Rad1 Ne6 16. Nf3 d5 17. Bxe6 Rxe6 18. Nh4 Qc7 19. Ng2 f5 20. exd5 cxd5 21. Nf4
Ree8 22. Nxd5 Qd7 23. Nc3 Qc6 24. Nd5 Qd7 25. Rc1 Bxd5 26. cxd5 Qxd5 27. Rc7 e4
28. dxe4 Rxe4 29. Qa6 Rae8 30. Qxa7 Bd4 31. Qb7 Qxb7 32. Rxb7 Re2 33. Rd7 Rd2
34. Kg2 Rxa2 35. Rxd4 Rxa3 36. Rc1 Re7 37. Rb4 Rb7 38. Rc6 b5 39. Rc5 Ra5 40.
Rd4 Kf7 41. Rdd5 Ra3 42. b4 Rb3 43. Rd4 Ke6 44. h4 Kf6 45. h5 Rb2 46. hxg6 hxg6
47. g4 fxg4 48. Rc6+ Kg5 49. Rd5+ Kh6 50. Rd4 Rf7 51. Rxg4 Rfxf2+ 52. Kg1 Rfd2
53. Rcxg6+ 1/2-1/2

[Event "Trofeo CBA"]
[Site "Milano ITA"]
[Date "2004.05.18"]
[Round "5"]
[White "Qendro, Llambi"]
[Black "Astengo, Corrado"]
[Result "1/2-1/2"]
[WhiteElo "2366"]
[BlackElo "2129"]
[PlyCount "53"]
[EventDate "2004.05.14"]

1. d4 d5 2. c4 e6 3. Nc3 c6 4. e4 dxe4 5. Nxe4 Bb4+ 6. Nc3 Nf6 7. a3 Bxc3+ 8.
bxc3 O-O 9. Nf3 Qa5 10. Qc2 Nbd7 11. Be2 e5 12. O-O Re8 13. Be3 e4 14. Nd2 Nf8
15. c5 Be6 16. Bg5 N8d7 17. f3 Bd5 18. fxe4 Nxe4 19. Nxe4 Bxe4 20. Bd3 Nxc5 21.
Bxe4 Nxe4 22. Bd2 Nxd2 23. Qxd2 Qd5 24. Rae1 Rad8 25. Qd3 Re6 26. Rxe6 fxe6 27.
Qe3 1/2-1/2

[Event "Trofeo CBA"]
[Site "Milano ITA"]
[Date "2004.05.18"]
[Round "5"]
[White "Valenti, Giuseppe"]
[Black "Castaldo, Folco"]
[Result "0-1"]
[WhiteElo "2292"]
[BlackElo "2329"]
[PlyCount "58"]
[EventDate "2004.05.14"]

1. e4 e6 2. d4 d5 3. Nd2 Nf6 4. e5 Nfd7 5. Bd3 c5 6. c3 Nc6 7. Ne2 cxd4 8. cxd4
f6 9. exf6 Nxf6 10. Nf3 Bd6 11. O-O O-O 12. Bg5 Bd7 13. Rc1 Kh8 14. Nc3 Be8 15.
h3 Bh5 16. g4 Bf7 17. Re1 Qb8 18. Qd2 Bg8 19. Kg2 e5 20. dxe5 Nxe5 21. Nxe5
Bxe5 22. f4 Bxc3 23. bxc3 Qd6 24. Re5 h6 25. Bh4 d4 26. cxd4 Qxd4 27. Bf2 Qd7
28. Qe2 Nd5 29. Rxd5 Qxd5+ 0-1

[Event "Trofeo CBA"]
[Site "Milano ITA"]
[Date "2004.05.18"]
[Round "5"]
[White "Van Hoolandt, Patrick"]
[Black "Rombaldoni, Denis"]
[Result "0-1"]
[WhiteElo "2237"]
[BlackElo "2158"]
[PlyCount "96"]
[EventDate "2004.05.14"]

1. d4 d5 2. Nf3 Nf6 3. c4 e6 4. Bg5 Be7 5. Nc3 Nbd7 6. e3 O-O 7. Rc1 c6 8. Bd3
dxc4 9. Bxc4 Nd5 10. Bxe7 Qxe7 11. Ne4 N5f6 12. Nxf6+ Qxf6 13. O-O e5 14. dxe5
Nxe5 15. Nxe5 Qxe5 16. Qb3 b5 17. Bd3 Be6 18. Qc2 Rad8 19. Bxh7+ Kh8 20. Be4 f5
21. Bxc6 Rc8 22. Qe2 Bc4 23. Rxc4 bxc4 24. Qxc4 Qf6 25. Rc1 Rfd8 26. h3 Rd6 27.
Qe2 g6 28. Rc4 Rdxc6 29. Ra4 Qd6 30. g3 Rc2 31. Qf3 Qc6 32. Rh4+ Kg7 33. e4 Re8
34. Qf4 Rxe4 35. Qh6+ Kf6 36. Qf8+ Ke6 37. Qg8+ Ke5 38. Qb8+ Kd4 39. Qxa7+ Kd3
40. Qa3+ Ke2 41. Rxe4+ Qxe4 42. Qa6+ Ke1 43. Qa5+ Rd2 44. Qc5 Qd3 45. Qc1+ Rd1
46. Qc3+ Qxc3 47. bxc3 Rd2 48. f4 Ke2 0-1

[Event "Trofeo CBA"]
[Site "Milano ITA"]
[Date "2004.05.19"]
[Round "6"]
[White "Astengo, Corrado"]
[Black "Lanzani, Mario"]
[Result "1/2-1/2"]
[WhiteElo "2129"]
[BlackElo "2360"]
[PlyCount "28"]
[EventDate "2004.05.14"]

1. e4 e5 2. Nf3 Nc6 3. Bb5 Nf6 4. O-O Nxe4 5. d4 Nd6 6. Bxc6 dxc6 7. dxe5 Nf5
8. Qxd8+ Kxd8 9. Rd1+ Ke8 10. b3 a5 11. Nc3 Bb4 12. Bb2 Ne7 13. Nd4 Bd7 14. Ne4
Ng6 1/2-1/2

[Event "Trofeo CBA"]
[Site "Milano ITA"]
[Date "2004.05.19"]
[Round "6"]
[White "Castaldo, Folco"]
[Black "Rombaldoni, Denis"]
[Result "1-0"]
[WhiteElo "2329"]
[BlackElo "2158"]
[PlyCount "59"]
[EventDate "2004.05.14"]

1. c4 e6 2. g3 Nf6 3. Bg2 d5 4. Nf3 Be7 5. O-O O-O 6. d4 dxc4 7. Qc2 a6 8. a4
Bd7 9. Ne5 Nd5 10. Nxd7 Qxd7 11. Qxc4 b5 12. Qd3 Nc6 13. Nc3 Ndb4 14. Qd1 Rab8
15. axb5 axb5 16. e3 Bd6 17. Qe2 Ne7 18. Rd1 c6 19. Ne4 Ra8 20. Bd2 Nbd5 21. h4
Rfb8 22. h5 h6 23. Rac1 Ra2 24. Nxd6 Qxd6 25. e4 Nc7 26. Bf4 Qd7 27. d5 exd5
28. exd5 Re8 29. Bxc7 Nxd5 30. Qd2 1-0

[Event "Trofeo CBA"]
[Site "Milano ITA"]
[Date "2004.05.19"]
[Round "6"]
[White "Drazic, Sinisa"]
[Black "Van Hoolandt, Patrick"]
[Result "1-0"]
[WhiteElo "2476"]
[BlackElo "2237"]
[PlyCount "75"]
[EventDate "2004.05.14"]

1. f4 d5 2. Nf3 Nf6 3. g3 g6 4. Bg2 Bg7 5. O-O O-O 6. d3 c6 7. Nc3 Qb6+ 8. e3
Bg4 9. h3 Bxf3 10. Qxf3 Nbd7 11. Kh2 d4 12. exd4 Qxd4 13. f5 gxf5 14. Qxf5 e6
15. Qf3 Ne5 16. Qe2 Rae8 17. Rf4 Qd6 18. Ra4 a6 19. Bf4 Nd5 20. Bxd5 cxd5 21.
d4 Qb6 22. dxe5 Qxb2 23. Bd2 Qxa1 24. Rb4 d4 25. Rb1 dxc3 26. Rxa1 cxd2 27. Rd1
Rc8 28. Rxd2 Rc5 29. Qe4 b5 30. h4 Bxe5 31. Kh3 f5 32. Qe3 Rfc8 33. Rd7 f4 34.
Qe4 Bg7 35. Qxe6+ Kh8 36. Qe7 Rg8 37. Qxc5 fxg3 38. Kg2 1-0

[Event "Trofeo CBA"]
[Site "Milano ITA"]
[Date "2004.05.19"]
[Round "6"]
[White "Mariano, Elia"]
[Black "Bertazzo, Giorgio"]
[Result "1/2-1/2"]
[WhiteElo "2198"]
[BlackElo "2141"]
[PlyCount "27"]
[EventDate "2004.05.14"]

1. f4 g6 2. Nf3 Bg7 3. e3 d5 4. d4 c5 5. Be2 Nf6 6. O-O O-O 7. c3 cxd4 8. exd4
Bg4 9. Nbd2 Qc7 10. Ne5 Bxe2 11. Qxe2 e6 12. Ndf3 Nbd7 13. Be3 Rac8 14. Rae1
1/2-1/2

[Event "Trofeo CBA"]
[Site "Milano ITA"]
[Date "2004.05.19"]
[Round "6"]
[White "Valenti, Giuseppe"]
[Black "Dragojlovic, Andjelko"]
[Result "1-0"]
[WhiteElo "2292"]
[BlackElo "2340"]
[PlyCount "91"]
[EventDate "2004.05.14"]

1. e4 c5 2. Nf3 g6 3. d4 cxd4 4. Nxd4 Bg7 5. Be3 Nf6 6. Nc3 Nc6 7. Bc4 O-O 8.
Bb3 d6 9. f3 Bd7 10. Qd2 Nxd4 11. Bxd4 b5 12. h4 a5 13. a4 bxa4 14. Nxa4 Be6
15. Nb6 Ra6 16. Nd5 Bxd5 17. exd5 Qc7 18. Qd3 Raa8 19. Qc3 Qxc3+ 20. Bxc3 Nd7
21. Bxg7 Kxg7 22. Ba4 Nb8 23. Bb5 Rc8 24. Kd2 e6 25. dxe6 fxe6 26. b4 Na6 27.
bxa5 Rc5 28. Rhb1 Nc7 29. Bd3 Raxa5 30. Rxa5 Rxa5 31. Rb6 d5 32. Rd6 Kf6 33.
Rd7 Ne8 34. Rxh7 Nd6 35. g4 Ra3 36. Rd7 Nc4+ 37. Ke2 g5 38. Bxc4 dxc4 39. h5
Rc3 40. Rd2 Ra3 41. Kf2 Ra2 42. Ke3 Ra3+ 43. Ke4 Ra1 44. Rh2 Kg7 45. Kd4 Ra4
46. c3 1-0

[Event "Trofeo CBA"]
[Site "Milano ITA"]
[Date "2004.05.20"]
[Round "7"]
[White "Dragojlovic, Andjelko"]
[Black "Castaldo, Folco"]
[Result "1/2-1/2"]
[WhiteElo "2340"]
[BlackElo "2329"]
[PlyCount "116"]
[EventDate "2004.05.14"]

1. e4 e5 2. Nc3 Nc6 3. Bc4 Nf6 4. d3 Na5 5. Nge2 c6 6. a4 d5 7. Ba2 dxe4 8.
Nxe4 Nxe4 9. dxe4 Qxd1+ 10. Kxd1 Be6 11. Bxe6 fxe6 12. Bd2 Nc4 13. Bc3 Bc5 14.
b3 Nd6 15. f3 Nf7 16. Kc1 Ke7 17. Kb2 h5 18. Rad1 g5 19. Rd3 Rad8 20. Rhd1 Bd6
21. Be1 Bc5 22. Rxd8 Nxd8 23. Nc1 Nf7 24. Nd3 Bd6 25. c4 Rg8 26. g3 g4 27. f4
h4 28. Bc3 exf4 29. gxf4 b6 30. Rg1 e5 31. fxe5 Bc7 32. Be1 g3 33. hxg3 Nxe5
34. Nxe5 Bxe5+ 35. Kc2 Bxg3 36. Kd3 Ke6 37. c5 Rd8+ 38. Ke2 Bxe1 39. Kxe1 Rd3
40. Rg6+ Ke5 41. cxb6 axb6 42. Rxc6 Rxb3 43. a5 bxa5 44. Rc5+ Kxe4 45. Rxa5 Kf3
46. Rf5+ Kg2 47. Rf2+ Kg1 48. Rf1+ Kg2 49. Rf2+ Kg3 50. Rf8 Rb1+ 51. Ke2 h3 52.
Rg8+ Kh2 53. Kf2 Rb2+ 54. Kf1 Rg2 55. Rf8 Rg1+ 56. Kf2 Kh1 57. Rf7 h2 58. Rf8
Rf1+ 1/2-1/2

[Event "Trofeo CBA"]
[Site "Milano ITA"]
[Date "2004.05.20"]
[Round "7"]
[White "Lanzani, Mario"]
[Black "Ricci, Marco"]
[Result "1-0"]
[WhiteElo "2360"]
[BlackElo "2169"]
[PlyCount "23"]
[EventDate "2004.05.14"]

1. e4 d5 2. exd5 Qxd5 3. Nc3 Qa5 4. d4 Nf6 5. Bd2 Qb6 6. Nf3 Bg4 7. h3 Bxf3 8.
Qxf3 Nc6 9. d5 Nd4 10. Qd3 e5 11. Na4 e4 12. Qc4 1-0

[Event "Trofeo CBA"]
[Site "Milano ITA"]
[Date "2004.05.20"]
[Round "7"]
[White "Qendro, Llambi"]
[Black "Valenti, Giuseppe"]
[Result "1-0"]
[WhiteElo "2366"]
[BlackElo "2292"]
[PlyCount "57"]
[EventDate "2004.05.14"]

1. d4 Nf6 2. c4 e6 3. Nc3 c5 4. d5 exd5 5. cxd5 d6 6. e4 g6 7. h3 a6 8. a4 Qe7
9. Bd3 Nbd7 10. Nf3 Bg7 11. O-O O-O 12. Bf4 h6 13. Bh2 g5 14. Re1 Ne8 15. Nd2
Ne5 16. Nc4 Nxc4 17. Bxc4 Bd4 18. Qd2 Nf6 19. Bd3 Bd7 20. Ne2 Be5 21. f4 gxf4
22. Bxf4 Kh7 23. Rf1 Rg8 24. Rf3 Rg6 25. Raf1 Rag8 26. R1f2 R8g7 27. Bc2 b5 28.
Bxe5 Qxe5 29. Rxf6 1-0